Studies in the glossators of the roman law / (Record no. 86464)

MARC details
000 -LEADER
campo de control de longitud fija 00612nam a2200157 i 4500
001 - NÚMERO DE CONTROL
campo de control 86464
003 - IDENTIFICADOR DE NÚMERO DE CONTROL
campo de control ES-MaACL
007 - CAMPO FIJO DE DESCRIPCIÓN FÍSICA--INFORMACIÓN GENERAL
campo de control de longitud fija t|
008 - DATOS DE LONGITUD FIJA--INFORMACIÓN GENERAL
campo de control de longitud fija 041213s1938 xxk ||||1| eng d
100 1# - ENTRADA PRINCIPAL--NOMBRE DE PERSONA
Nombre de persona Kantorowicz, Hermann.
9 (RLIN) 67507
245 10 - MENCIÓN DEL TÍTULO
Título Studies in the glossators of the roman law /
Mención de responsabilidad, etc. newly discovered writings of the twelfth century edited and explained by Hermann Kantorowicz ; with the collaboration of W.W. Buckland.
260 ## - PUBLICACIÓN, DISTRIBUCIÓN, ETC.
Lugar de publicación, distribución, etc. Cambridge :
Nombre del editor, distribuidor, etc. The University Press,
Fecha de publicación, distribución, etc. 1938 (
Fabricante Walter Lewis)
300 ## - DESCRIPCIÓN FÍSICA
Extensión XVI, 323 p., 1 lám. ;
Dimensiones 24 cm.
700 1# - ENTRADA AGREGADA--NOMBRE PERSONAL
Nombre de persona Buckland, W. W.
9 (RLIN) 32322
852 ## - LOCALIZACIÓN
Ubicación ES-MaACL
Número de control de estantería E-1740
Sublocalización o colección R.22536
Holdings
Estatus retirado Estado de pérdida Estado de daño No para préstamo Biblioteca de origen Biblioteca actual Ubicación en estantería Fecha de adquisición Fuente de adquisición Total de préstamos Signatura topográfica completa Código de barras Visto por última vez Precio de reemplazo Tipo de ítem Koha
        Biblioteca del Ateneo de Madrid Biblioteca del Ateneo de Madrid Depósito 2 17/01/2008     E-1740 1090335 23/02/2023 23/02/2023 Libro impreso